书目信息 |
| 题名: |
管领风骚三百年
|
|
| 作者: | 许宏泉 著 | |
| 分册: | ||
| 出版信息: | 合肥 黄山书社 2009.02 |
|
| 页数: | 224页 | |
| 开本: | 20cm | |
| 丛书名: | ||
| 单 册: | ||
| 中图分类: | J292.26 | |
| 科图分类: | ||
| 主题词: | 书法--中国 , 篆刻--中国 | |
| 电子资源: | ||
| ISBN: | 978-7-80707-802-9 | |
| 000 | 00601nam0 2200229 45 | |
| 001 | 0959404023 | |
| 005 | 20091026163136.34 | |
| 010 | @a978-7-80707-802-9@dCNY45.00 | |
| 100 | @a20090515d2009 ekmy0 y0120 ea | |
| 102 | @aCN@b130000 | |
| 102 | @aCN@b340000 | |
| 105 | @ay z 000yy | |
| 200 | 1 | @a管领风骚三百年@f许宏泉著@Fxu hong quan zhu |
| 210 | @a合肥@c黄山书社@d2009.02 | |
| 215 | @a224页@d20cm | |
| 606 | 0 | @a书法@x中国 |
| 606 | 0 | @a篆刻@x中国 |
| 690 | @aJ292.26@v4 | |
| 701 | 0 | @a许宏泉@Axu hong quan@4著 |
| 801 | 0 | @aCN@c20091026 |
| 905 | @a10447@dJ292.26@eX8602 | |
| 906 | @d45@n1@r1 | |
| 管领风骚三百年/许宏泉著.-合肥:黄山书社,2009.02 |
| 224页;20cm |
| ISBN 978-7-80707-802-9:CNY45.00 |
| ● |
| 相关链接 |
|
|
|
正题名:管领风骚三百年
索取号:J292.26/X8602
 
预约/预借
| 序号 | 登录号 | 条形码 | 馆藏地/架位号 | 状态 | 备注 |
| 1 | 655314 | 206553148 | 社科库309/309社科库 80排3列6层/ [索取号:J292.26/X8602] | 在馆 | |
| 2 | 655315 | 206553157 | 社科库309/309社科库 80排3列6层/ [索取号:J292.26/X8602] | 在馆 | |
| 3 | 655316 | 206553166 | 社科库309/309社科库 80排3列6层/ [索取号:J292.26/X8602] | 在馆 |